EVALUACIÓN DE TRES PRÁCTICAS AGRÍCOLAS EN LA INCIDENCIA DE EROSIÓN E INFILTRACIÓN EN EL CULTIVO DE MAÍZ (Zea mays) EN AGRICULTURA DE SUBSISTENCIA EN LAS ZONAS POTENCIALES DE RECARGA HÍDRICA EN LA SUBCUENCA DEL RÍO TZUNUTZ, SAN PEDRO CARCHÁ, ALTA VERAPAZ/ (Registro nro. 2074)
[ vista simple ]
| 000 -LEADER | |
|---|---|
| campo de control de longitud fija | 03871nam a22003377a 4500 |
| 001 - NÚMERO DE CONTROL | |
| campo de control | TIGAL 0015 |
| 003 - IDENTIFICADOR DE NÚMERO DE CONTROL | |
| campo de control | gtcocun |
| 005 - FECHA Y HORA DE LA ÚLTIMA TRANSACCIÓN | |
| campo de control | 20250923162818.0 |
| 006 - CÓDIGOS DE INFORMACIÓN DE LONGITUD FIJA--CARACTERÍSTICAS DEL MATERIAL ADICIONAL | |
| campo de control de longitud fija | a||||gr|||| 00| 0 |
| 007 - CAMPO FIJO DE DESCRIPCIÓN FÍSICA--INFORMACIÓN GENERAL | |
| campo de control de longitud fija | ta |
| 008 - DATOS DE LONGITUD FIJA--INFORMACIÓN GENERAL | |
| campo de control de longitud fija | 250923b2018 gt ||||| m||| 00| 0 eng d |
| 040 ## - FUENTE DE CATALOGACIÓN | |
| Centro catalogador/agencia de origen | gtcocun |
| Lengua de catalogación | SPA |
| Centro/agencia transcriptor | gtcocun |
| Normas de descripción | RDA |
| 041 ## - CÓDIGO DE IDIOMA | |
| Código de lengua del texto/banda sonora o título independiente | SPA TIGAL 0015 |
| 084 ## - OTRO NÚMERO DE CLASIFICACIÓN | |
| Número de control del registro de autoridad o número normalizado | TIGAL 0015 |
| 100 ## - ENTRADA PRINCIPAL--NOMBRE DE PERSONA | |
| Nombre de persona | Ibarra Winter, Sergio Alfonso |
| Término indicativo de función/relación | Autor |
| 245 ## - MENCIÓN DEL TÍTULO | |
| Título | EVALUACIÓN DE TRES PRÁCTICAS AGRÍCOLAS EN LA INCIDENCIA DE EROSIÓN E INFILTRACIÓN EN EL CULTIVO DE MAÍZ (Zea mays) EN AGRICULTURA DE SUBSISTENCIA EN LAS ZONAS POTENCIALES DE RECARGA HÍDRICA EN LA SUBCUENCA DEL RÍO TZUNUTZ, SAN PEDRO CARCHÁ, ALTA VERAPAZ/ |
| Mención de responsabilidad, etc. | Sergio Alfonso Ibarra Winter. |
| Medio | Impreso |
| 264 ## - PRODUCCIÓN, PUBLICACIÓN, DISTRIBUCIÓN, FABRICACIÓN Y COPYRIGHT | |
| Producción, publicación, distribución, fabricación y copyright | Cobán, Alta Verapaz: |
| Nombre del de productor, editor, distribuidor, fabricante | Universidad de San Carlos de Guatemala, Centro Universitario del Norte, Carrera de Ingeniería en Gestión Ambiental Local |
| Fecha de producción, publicación, distribución, fabricación o copyright | 2018 |
| 300 ## - DESCRIPCIÓN FÍSICA | |
| Extensión | 65 p.: |
| Otras características físicas | Ilustraciones, gráficas. |
| Dimensiones | 28 cm; |
| 300 ## - DESCRIPCIÓN FÍSICA | |
| Dimensiones | |
| 336 ## - TIPO DE CONTENIDO | |
| Fuente | rdacontenido |
| Término de tipo de contenido | Texto |
| Código de tipo de contenido | txt |
| 337 ## - TIPO DE MEDIO | |
| Fuente | rdamedio |
| Nombre/término del tipo de medio | Computadora |
| Código del tipo de medio | n |
| 338 ## - TIPO DE SOPORTE | |
| Fuente | rdasoporte |
| Nombre/término del tipo de soporte | Código en línea |
| Código del tipo de soporte | cr |
| 502 ## - NOTA DE TESIS | |
| identificador de la tesis | TIGAL 0015 |
| 502 ## - NOTA DE TESIS | |
| Nota de tesis | Tesis de grado |
| Tipo de título | Carrera de Ingeniería en Gestión Ambiental Local, |
| Nombre de la institución que otorga el título | Universidad de San Carlos de Guatemala, Centro Universitario del Norte, Carrera de Ingeniería en Gestión Ambiental Local |
| Año de obtención del título | 2018 |
| Identificador de la tesis | TIGAL 0015 |
| 520 14 - RESUMEN, ETC. | |
| Sumario, etc. | La investigación se desarrolló en las zonas potenciales de recarga hídrica en<br/>la subcuenca del río Tzunutz, del municipio San Pedro Carchá Alta Verapaz, donde se identificó el uso del suelo para agricultura en poblados rurales ubicados<br/>dentro de la delimitación de dichas zonas, por lo que se procedió a la evaluación<br/>de tres prácticas agrícolas en la incidencia de erosión e infiltración en el cultivo de<br/>maíz (Zea mays) en agricultura de subsistencia para estas zonas. Dichas prácticas fueron: tratamiento tradicional sin conservación de suelos,<br/>tratamiento de curvas a nivel y tratamiento de curvas a nivel más té de limón<br/>(Cymbopogon citratus) como barrera viva; mediante el establecimiento de un<br/>experimento estadístico en pendientes del 15% a 32%, bajo el modelo de bloques<br/>al azar, para luego realizar un análisis de varianza y una comparación con la<br/>prueba de Tukey. La erosión del suelo fue una variable respuesta, que tuvo como resultado de<br/>182.94 kg/600m2 en el tratamiento tradicional, en el tratamiento de curvas a nivel<br/>fue 117.87kg/600m2 y para el tratamiento de curvas a nivel más té de limón<br/>(Cymbopogon citratus) como barrera viva fue 89.32kg/600m2<br/><br/>; lo cual muestra que<br/>el tratamiento con prácticas de conservación más intensivas redujo dos veces y<br/>medio la erosión como impacto ambiental sobre el suelo en el cual se cultiva maíz<br/>(Zea mays) para fines de autoconsumo, sin embargo al ser analizados<br/>estadísticamente (alfa= 0.05%) no presentaron diferencia significativa.<br/><br/>La segunda variable respuesta fue infiltración básica, para cada tratamiento<br/>las medias fueron: tratamiento tradicional 2.53cm/h, tratamiento de curvas a nivel<br/>2.015cm/h y en el tratamiento de curvas a nivel más te de limón Cymbopogon<br/>citratus) como barrera viva 2.005cm/h; resultados que al ser analizados<br/>estadísticamente (alfa =0.05%) si presentaron diferencia significativa, por lo que<br/>se identificó que el tratamiento llega a reducir la infiltración básica de un 8.26% a<br/>30.35%. |
| 650 14 - PUNTO DE ACCESO ADICIONAL DE MATERIA--TÉRMINO DE MATERIA | |
| Fuente del encabezamiento o término | LEMB |
| Término de materia o nombre geográfico como elemento de entrada | Carchá, Alta Verapaz |
| Subdivisión general | Ingeniería en Gestión Ambiental Local |
| -- | Recarga hídrica |
| -- | Prácticas agrícolas |
| -- | Erosión |
| -- | Experimento estadístico |
| -- | Impacto ambiental |
| 700 ## - ENTRADA AGREGADA--NOMBRE PERSONAL | |
| Nombre de persona | Ing. Agr. M.A. Luis Humberto Ortiz Castillo |
| Término indicativo de función/relación | Asesor |
| 856 ## - LOCALIZACIÓN Y ACCESO ELECTRÓNICOS | |
| Identificador Uniforme de Recurso | <a href="https://drive.google.com/file/d/1Q_KKmujvihNWz-SJWXRPIyNFHTO4aeSM/view">https://drive.google.com/file/d/1Q_KKmujvihNWz-SJWXRPIyNFHTO4aeSM/view</a> |
| Texto de enlace | |
| Nota pública | Un ejemplar en línea. |
| 942 ## - ELEMENTOS DE ENTRADA SECUNDARIOS (KOHA) | |
| Fuente de la clasificación o esquema de estantería | Clasificación Decimal Dewey |
| Tipo de ítem Koha | TESIS |
| Parte de la signatura que identifica el ejemplar (Parte del ítem) | TIGAL 0015 |
| Prefijo de la signatura | Clasificación |
| Suprimir en OPAC | No |
| -- | TIGAL_0015_000000000000000 |
| Estatus retirado | Estado de pérdida | Fuente de la clasificación o esquema de estantería | Estado de daño | No para préstamo | Colección | Biblioteca de origen | Biblioteca actual | Ubicación en estantería | Fecha de adquisición | Número de inventario | Total de préstamos | Signatura topográfica completa | Código de barras | Visto por última vez | Precio de reemplazo | Tipo de ítem Koha |
|---|---|---|---|---|---|---|---|---|---|---|---|---|---|---|---|---|
| Clasificación Decimal Dewey | tesis | BIBLIOTECA- CUNOR -JOSÉ LUIS GONZALES ROSALES | BIBLIOTECA- CUNOR -JOSÉ LUIS GONZALES ROSALES | Colección tesis | 23/09/2025 | TIGAL 0015 | TIGAL 0015 | TIGAL 0015 | 23/09/2025 | 23/09/2025 | TESIS |